00192as aa2200061a 4450024500330000026000830003304100140011610aBoletín Informativo AOPEB bAsociación de Organizadores de Productores Ecológicos de BoliviaaBolivia0 aEspañol